00414pab a2200145 454500008004000000100001900040245006500059260000900124300001300133362001200146650003100158650002300189700001700212773003900229180718b2000 xxu||||| |||| 00| 0 eng d aKakwani, Nanak aLong-term trends and economic crisis in Korean social sector c2000 ap.467-88 aJul-Sep aEconomic recession - Korea aEconomic recession aSon, Hyun H. aIndian Journal of Labour Economics